000 00325nam a22001337a 4500
008 171006b xxu||||| |||| 00| 0 eng d
020 _a9780721639765
041 _aeng
080 _a159.9
100 _a49
101 _aPSI
245 _aFUNDAMENTALS OF URINE AND BODY FLUID ANALYSIS
_cBRUNZEL.N.A
942 _2udc
_cBK
999 _c32373
_d32373